5HLuxD.jpg

KING HENRY VIII SENIOR AND PRIMARY SCHOOL LIBRARY OPAC

Literasi Bahasa Melayu : (Record no. 3243)

000 -LEADER
fixed length control field 01329nam a22002897a 4500
003 - CONTROL NUMBER IDENTIFIER
control field OSt
005 - DATE AND TIME OF LATEST TRANSACTION
control field 20231108115100.0
008 - FIXED-LENGTH DATA ELEMENTS--GENERAL INFORMATION
fixed length control field 231108b ||||| |||| 00| 0 eng d
020 ## - INTERNATIONAL STANDARD BOOK NUMBER
International Standard Book Number 9789835997266
040 ## - CATALOGING SOURCE
Transcribing agency KH8
082 ## - DEWEY DECIMAL CLASSIFICATION NUMBER
Classification number 400 AMI
100 ## - MAIN ENTRY--PERSONAL NAME
Personal name Amir Hazlin Lin,
Relator term author.
245 ## - TITLE STATEMENT
Title Literasi Bahasa Melayu :
Remainder of title Tingkatan 2 /
Statement of responsibility, etc. Amir Hazlin Lin.
260 ## - PUBLICATION, DISTRIBUTION, ETC.
Place of publication, distribution, etc. Petaling Jaya ;
Name of publisher, distributor, etc. Sasbadi Sdn. Bhd.,
Date of publication, distribution, etc. 2018.
300 ## - PHYSICAL DESCRIPTION
Extent x, 130 pages :
Other physical details ilustration ;
Dimensions 21cm x 29.6 cm.
440 ## - SERIES STATEMENT/ADDED ENTRY--TITLE
Title Super Skills
Number of part/section of a work Tingkatan 2
500 ## - GENERAL NOTE
General note Includes answer
520 ## - SUMMARY, ETC.
Summary, etc. Kandungan siri SUPER SKILLS LITERASI ini dirancang dan digubal bagi memenuhi keperluan proses pengajaran dan pembelajaran semasa yang beralih daripada kaedah konvensional kepada Pembelajarab dan Pemudahcaraan (PdPc) Abad Ke-21. Oleh itu kandungan buku ini diterbitkan secara khusus untuk membantu guru dengan sisipan bahan-bahan pembelajaran terkini yang dapat memudahkan murid menginterpretasik, memahami, dan mengaplikasi objektif pembelajaran semasa di dalam kelas.
650 ## - SUBJECT ADDED ENTRY--TOPICAL TERM
Topical term or geographic name entry element Foreign language
Form subdivision Bahasa Melayu
650 ## - SUBJECT ADDED ENTRY--TOPICAL TERM
Topical term or geographic name entry element Bahasa Melayu
Form subdivision Exercise book
700 ## - ADDED ENTRY--PERSONAL NAME
Personal name Rahman Shaari,
Relator term author.
700 ## - ADDED ENTRY--PERSONAL NAME
Personal name Suhaimi Khalid,
Relator term author.
700 ## - ADDED ENTRY--PERSONAL NAME
Personal name Sharif Shaary,
Relator term author.
700 ## - ADDED ENTRY--PERSONAL NAME
Personal name Hamran Jantan,
Relator term author.
830 ## - SERIES ADDED ENTRY--UNIFORM TITLE
Uniform title Super Skills
942 ## - ADDED ENTRY ELEMENTS (KOHA)
Source of classification or shelving scheme
Koha item type Teaching Resources
Holdings
Withdrawn status Lost status Source of classification or shelving scheme Damaged status Not for loan Collection code Permanent Location Current Location Shelving location Date acquired Full call number Barcode Date last seen Price effective from Koha item type
          Teaching Resources KH8 Senior School Library KH8 Senior School Library Staff Office 2023-11-08 400 AMI TRKHSL003417 2023-11-08 2023-11-08 Teaching Resources
          Teaching Resources KH8 Senior School Library KH8 Senior School Library Staff Office 2023-11-08 400 AMI TRKHSL003418 2023-11-08 2023-11-08 Teaching Resources
          Teaching Resources KH8 Senior School Library KH8 Senior School Library Staff Office 2023-11-08 400 AMI TRKHSL003419 2023-11-08 2023-11-08 Teaching Resources
          Teaching Resources KH8 Senior School Library KH8 Senior School Library Staff Office 2023-11-08 400 AMI TRKHSL003420 2023-11-08 2023-11-08 Teaching Resources
          Teaching Resources KH8 Senior School Library KH8 Senior School Library Staff Office 2023-11-08 400 AMI TRKHSL003421 2023-11-08 2023-11-08 Teaching Resources
          Teaching Resources KH8 Senior School Library KH8 Senior School Library Staff Office 2023-11-08 400 AMI TRKHSL003422 2023-11-08 2023-11-08 Teaching Resources
          Teaching Resources KH8 Senior School Library KH8 Senior School Library Staff Office 2023-11-08 400 AMI TRKHSL003423 2023-11-08 2023-11-08 Teaching Resources
          Teaching Resources KH8 Senior School Library KH8 Senior School Library Staff Office 2023-11-08 400 AMI TRKHSL003424 2023-11-08 2023-11-08 Teaching Resources
          Teaching Resources KH8 Senior School Library KH8 Senior School Library Staff Office 2023-11-08 400 AMI TRKHSL003425 2023-11-08 2023-11-08 Teaching Resources
          Teaching Resources KH8 Senior School Library KH8 Senior School Library Staff Office 2023-11-08 400 AMI TRKHSL003426 2023-11-08 2023-11-08 Teaching Resources
          Teaching Resources KH8 Senior School Library KH8 Senior School Library Staff Office 2023-11-08 400 AMI TRKHSL003427 2023-11-08 2023-11-08 Teaching Resources
          Teaching Resources KH8 Senior School Library KH8 Senior School Library Staff Office 2023-11-08 400 AMI TRKHSL003428 2023-11-08 2023-11-08 Teaching Resources
          Teaching Resources KH8 Senior School Library KH8 Senior School Library Staff Office 2023-11-08 400 AMI TRKHSL003429 2023-11-08 2023-11-08 Teaching Resources
          Teaching Resources KH8 Senior School Library KH8 Senior School Library Staff Office 2023-11-08 400 AMI TRKHSL003430 2023-11-08 2023-11-08 Teaching Resources
          Teaching Resources KH8 Senior School Library KH8 Senior School Library Staff Office 2023-11-08 400 AMI TRKHSL003431 2023-11-08 2023-11-08 Teaching Resources
          Teaching Resources KH8 Senior School Library KH8 Senior School Library Staff Office 2023-11-08 400 AMI TRKHSL003432 2023-11-08 2023-11-08 Teaching Resources
          Teaching Resources KH8 Senior School Library KH8 Senior School Library Staff Office 2023-11-08 400 AMI TRKHSL003433 2023-11-08 2023-11-08 Teaching Resources
          Teaching Resources KH8 Senior School Library KH8 Senior School Library Staff Office 2023-11-08 400 AMI TRKHSL003434 2023-11-08 2023-11-08 Teaching Resources
          Teaching Resources KH8 Senior School Library KH8 Senior School Library Staff Office 2023-11-08 400 AMI TRKHSL003435 2023-11-08 2023-11-08 Teaching Resources
          Teaching Resources KH8 Senior School Library KH8 Senior School Library Staff Office 2023-11-08 400 AMI TRKHSL003436 2023-11-08 2023-11-08 Teaching Resources

Powered By KH8 IT Dept